Statistiken für Top 15 Länder mit Covid-19-Todesfällen - 8. März 2021

Klicken Sie hier um das Quiz zu spielen!

Allgemein

  • Dieses Quiz wurde 13 mal gespielt
  • Das Durchschnittsergebnis liegt bei 14 aus 24

Antwortstatistiken

Land% Korrekt
Italien
92%
Spanien
92%
Deutschland
83%
Frankreich
83%
Vereinigte Staaten
83%
Mexiko
75%
Russland
75%
Vereinigtes Königreich
75%
Brasilien
67%
Belgien
58%
Indien
58%
Portugal
58%
Tschechien
58%
Südafrika
50%
Argentinien
42%
Iran
42%
Kolumbien
42%
Peru
42%
Ungarn
42%
Bosnien und
Herzegowina
33%
Bulgarien
33%
Slowakei
33%
Nordmazedonien
25%
Slowenien
25%

Verteilung der Resultate

Perzentil nach korrekt beantworteten Fragen

Anzahl Personen mit jedem Resultat

Ihre Resultats-Entwicklung

Sie haben dieses Quiz noch nicht gespielt